| 000 | 02108nam1a2200397 4500 | ||
|---|---|---|---|
| 001 | RU\NLR\BIBL_A\010918977 | ||
| 005 | 20151212151356.0 | ||
| 010 |
_a978-5-9765-2365-4 _bФЛИНТА |
||
| 010 |
_a978-5-02-038912-0 _bНаука _9140 |
||
| 035 | _a(NLR Aleph) 010918977 | ||
| 090 |
_a10667394 _c10667394 |
||
| 100 | _a20151102d2015 k y0rusy50 ca | ||
| 101 | 0 | _arus | |
| 102 | _aRU | ||
| 105 | _a||||z ||||| | ||
| 200 | 1 |
_aФилологическая наука и школа: диалог и сотрудничество _eсборник трудов по материалам VII Всероссийской научно-практической конференции, [12-13 декабря 2014 года _eв 2 ч. _fредкол.: Л.В. Дудова, к. филол. н. (отв. ред.) и др.] |
|
| 210 |
_aМосква _cФлинта _cНаука _d2015 |
||
| 215 | _d21 | ||
| 300 | _aВ надзаг.: Моск. ин-т открытого образования, Каф. филол. образования | ||
| 320 | _aБиблиогр. в примеч. в конце ст. | ||
| 606 | 1 |
_aРусский язык _xПреподавание _jСъезды, совещания и т.п _2nlr_sh2 _3RU\NLR\auth\66501240 |
|
| 606 | 1 |
_aРусская литература _xПреподавание _jСъезды, совещания и т.п _2nlr_sh2 |
|
| 686 |
_aЧ426.131(2),0 _2rubbk |
||
| 686 |
_aЧ426.21,6(2)31,0 _2rubbk |
||
| 686 | 1 | _aЧ426.21(2)31я431 | |
| 686 | 1 | _aЧ486.21(2)31я431 | |
| 686 | 1 | _aЧ486.13(2)я431 | |
| 686 | 1 | _aЧ426.13(2)я431 | |
| 702 | 1 |
_aДудова _bЛ. В. _gЛюдмила Васильевна _4340 |
|
| 711 | 1 | 2 |
_a"Филологическая наука и школа: диалог и сотрудничество", всероссийская научно-практическая конференция _d7 _f2014 _eМосква _3RU\NLR\AUTH\880412639 |
| 852 |
_aNLR _j2015-3/34943 |
||
| 942 | _cBOOK | ||
| 980 | _aNB | ||